| 000 -LEADER |
| fixed length control field |
00403cas a2200145 a 4500 |
| 022 ## - INTERNATIONAL STANDARD SERIAL NUMBER |
| ISSN |
0916-7250 |
| 040 ## - CATALOGING SOURCE |
| Transcribing agency |
OSU |
| 082 ## - DEWEY DECIMAL CLASSIFICATION NUMBER |
| Classification number |
604 THE 1991 A049 Or. |
| 245 04 - TITLE STATEMENT |
| Title |
The Journal of veterinary medical science / |
| 260 ## - PUBLICATION, DISTRIBUTION, ETC. (IMPRINT) |
| Place of publication |
Tokyo, Japan : |
| Name of publisher |
The Society : |
| -- |
Maruzen Co. [distributor, |
| Year of publication |
1991- |
| 300 ## - PHYSICAL DESCRIPTION |
| Number of Pages |
v. : |
| Other physical details |
ill. ; |
| Dimensions |
21 cm |
| 500 ## - GENERAL NOTE |
| General note |
Title from cover |
| 710 2# - ADDED ENTRY--CORPORATE NAME |
| Corporate name or jurisdiction name as entry element |
Nihon J¿±i Gakkai |
| 942 ## - ADDED ENTRY ELEMENTS (KOHA) |
| Koha item type |
សៀវភៅភាសាអង់គ្លេស |
| 952 ## - LOCATION AND ITEM INFORMATION (KOHA) |
| Withdrawn status [LOCAL, KOHA] |
0 |
| 952 ## - LOCATION AND ITEM INFORMATION (KOHA) |
| Withdrawn status [LOCAL, KOHA] |
0 |
| 952 ## - LOCATION AND ITEM INFORMATION (KOHA) |
| Withdrawn status [LOCAL, KOHA] |
0 |
| 952 ## - LOCATION AND ITEM INFORMATION (KOHA) |
| Withdrawn status [LOCAL, KOHA] |
0 |
| 952 ## - LOCATION AND ITEM INFORMATION (KOHA) |
| Withdrawn status [LOCAL, KOHA] |
0 |
| 952 ## - LOCATION AND ITEM INFORMATION (KOHA) |
| Withdrawn status [LOCAL, KOHA] |
0 |
| 952 ## - LOCATION AND ITEM INFORMATION (KOHA) |
| Withdrawn status [LOCAL, KOHA] |
0 |
| 952 ## - LOCATION AND ITEM INFORMATION (KOHA) |
| Withdrawn status [LOCAL, KOHA] |
0 |